Физическая кристаллография и введение к изучению кристаллографических свойств важнейших соединений: введение к изучению кристаллограффических свойств важнейших свойств; пер. с анг.; Физические свойства кристаллов

Бібліографічні деталі
Автор: Грот П.
Мова:Російська
Опубліковано: Санкт-Петербург, Издание К. Л. Риккера, 1896
Copublished:А. П. Нечаев. Физические свойства кристаллов
Предмети:
Формат: Книга
KOHA link:https://koha.lib.tpu.ru/cgi-bin/koha/opac-detail.pl?biblionumber=234482

MARC

LEADER 00000nam0a2200000 4500
001 234482
005 20231101231326.0
035 |a (RuTPU)RU\TPU\book\255606 
090 |a 234482 
100 |a 20130326d1896 m y0rusy50 ca 
101 1 |a rus  |c eng 
102 |a RU 
105 |a a z 001zy 
200 1 |a Физическая кристаллография и введение к изучению кристаллографических свойств важнейших соединений  |e введение к изучению кристаллограффических свойств важнейших свойств  |e пер. с анг.  |f П. Грот 
210 |a Санкт-Петербург  |c Издание К. Л. Риккера  |d 1896 
215 |a 834 с.  |c ил. 
423 |t Физические свойства кристаллов  |f А. П. Нечаев  |a Нечаев, А. П. 
606 1 |a Кристаллофизика  |2 stltpush  |3 (RuTPU)RU\TPU\subj\80213  |9 87985 
610 1 |a кристаллография 
610 1 |a кристаллографические особенности 
610 1 |a физические свойства 
610 1 |a оптические свойства 
610 1 |a термические свойства 
610 1 |a магнитные свойства 
610 1 |a механические силы 
610 1 |a молекулярное строение 
675 |a 548.0:53  |v 3 
700 1 |a Грот  |b П. 
801 1 |a RU  |b 63413507  |c 20130326 
801 2 |a RU  |b 63413507  |c 20200617  |g RCR 
942 |c BK